000 00358nam a2200169Ia 4500
100 _aMarcello/Patricia cronin
650 _aDalai lama
942 _cBK
366 _f28
654 _adalai lama
245 _aThe Dalai Lama
260 _bJaico Publishing House
_c2015
082 _bMAR
300 _a173
546 _aENGLISH
_cComputers
999 _c26839
_d26839